José Luis Simón (Record no. 85848)
[ view plain ]
| 000 -LEADER | |
|---|---|
| campo de control de longitud fija | 00765cam a2200217 i 4500 |
| 001 - NÚMERO DE CONTROL | |
| campo de control | 85848 |
| 005 - FECHA Y HORA DE LA ÚLTIMA TRANSACCIÓN | |
| campo de control | 20260429143036.0 |
| 008 - DATOS DE LONGITUD FIJA--INFORMACIÓN GENERAL | |
| campo de control de longitud fija | 260429s1995 sp a rc 000 0 spa d |
| 017 ## - NÚMERO DE COPYRIGHT O DE DEPÓSITO LEGAL | |
| Número de copyright o de depósito legal | SG 57/1995 |
| 040 ## - FUENTE DE CATALOGACIÓN | |
| Centro catalogador/agencia de origen | BUAH |
| Lengua de catalogación | spa |
| Centro/agencia transcriptor | M-RABA |
| 100 1# - ENTRADA PRINCIPAL--NOMBRE DE PERSONA | |
| Nombre de persona | Simón, José Luis ( |
| Fechas asociadas al nombre | 1946-) |
| 9 (RLIN) | 43847 |
| 245 10 - MENCIÓN DEL TÍTULO | |
| Título | José Luis Simón |
| Resto del título | : sustratos y referencias: del 8 al 24 de septiembre de 1995: Torreón de Lozoya, Segovia |
| 260 ## - PUBLICACIÓN, DISTRIBUCIÓN, ETC. | |
| Lugar de publicación, distribución, etc. | [Segovia] |
| Nombre del editor, distribuidor, etc. | : Caja Segovia Obra Social y Cultural |
| Fecha de publicación, distribución, etc. | , [1995] |
| 300 ## - DESCRIPCIÓN FÍSICA | |
| Extensión | 35 p |
| Otras características físicas | : il. |
| Dimensiones | ; 28 cm |
| 504 ## - NOTA DE BIBLIOGRAFÍA, ETC. | |
| Nota de bibliografía, etc. Nota | Bibliogr.: p. 35 |
| 600 17 - PUNTO DE ACCESO ADICIONAL DE MATERIA--NOMBRE DE PERSONA | |
| Nombre de persona | Simón, José Luis ( |
| Fechas asociadas al nombre | 1946-) |
| 9 (RLIN) | 43847 |
| 655 #4 - TERMINO DE INDIZACIÓN--GENERO/FORMA | |
| Datos o término principal de género/forma | Catálogos de exposiciones |
| 9 (RLIN) | 45336 |
| 710 2# - ENTRADA AGREGADA--NOMBRE DE ENTIDAD CORPORATIVA | |
| Nombre de entidad corporativa o nombre de jurisdicción como elemento de entrada | Caja de Ahorros y Monte de Piedad de Segovia |
| 9 (RLIN) | 12373 |
| 852 ## - LOCALIZACIÓN | |
| Número de control de estantería | F-16117 |
| 942 ## - ELEMENTOS DE ENTRADA SECUNDARIOS (KOHA) | |
| Tipo de ítem Koha | Fondo moderno |
| Suprimir en OPAC | No |
| Estatus retirado | Estado de pérdida | Fuente de la clasificación o esquema de estantería | Estado de daño | No para préstamo | Biblioteca de origen | Biblioteca actual | Ubicación en estantería | Fecha de adquisición | Fuente de adquisición | Total de préstamos | Signatura topográfica completa | Código de barras | Visto por última vez | Precio de reemplazo | Tipo de ítem Koha | Nota pública |
|---|---|---|---|---|---|---|---|---|---|---|---|---|---|---|---|---|
| Clasificación Decimal Dewey | Real Academia de la Bellas Artes de San Fernando | Real Academia de la Bellas Artes de San Fernando | Depósito 2 | 29/04/2026 | D | F-16117 | 1097146 | 29/04/2026 | 29/04/2026 | Fondo moderno | Con dedicatoria del autor |